| 000 | 00972nam0a22002411 4500 | ||
|---|---|---|---|
| 001 | rc\24939 | ||
| 005 | 20260408051259.0 | ||
| 035 | _a(NLR Aleph) 005312103 | ||
| 090 |
_a6397063 _c6397063 |
||
| 100 | _a20021216d1996 |||y0rusy50 ca | ||
| 101 | 0 | _arus | |
| 102 | _aRU | ||
| 105 | _aa ||||||||| | ||
| 200 | 1 |
_aИскусство России и Западной Европы XVII-XX веков _eЖивопись, иконопись, декор.-прикл. искусство _e[Кат. _fАнтиквар. об-ние "Гелос"]. Коллекц. аукцион № 16 |
|
| 210 |
_aМ. _cБ. и. _d1996 |
||
| 215 |
_a62 с. _cцв. ил. _d26 |
||
| 710 | 0 | 2 |
_a"Гелос", антикварное объединение _cМосква _bКоллекционный аукцион _d16 _f1996 _3RU\NLR\AUTH\8810196846 _9282757 |
| 801 | 0 |
_aRU _bNLR _gpsbo |
|
| 801 | 1 |
_aRU _bELAR _2rusmarc |
|
| 852 |
_aNLR _bЭ _jАлИс135/2-60/1996 |
||
| 942 | _cBOOK | ||
| 980 | _aNB | ||